European Airports Map Quiz - Statistics

General Stats
  • This quiz has been taken 104 times
  • The average score is 17 of 20
Answers on the Map
Answers color-coded by a green-red scale on the quiz's map according to % correct below.
 
Answer Stats
Answer % Correct
Dublin
98%
Copenhagen
96%
Vienna
96%
Palma de Mallorca
95%
Frankfurt
94%
Istanbul
94%
Adolfo Suárez Madrid–Barajas
93%
Josep Tarradellas Barcelona-El Prat
93%
Munich
93%
Zurich
93%
Leonardo da Vinci–Fiumicino
90%
Charles de Gaulle
87%
Heathrow
85%
Gatwick
83%
Humberto Delgado
82%
Schiphol
82%
Domodedovo
77%
Tegel
76%
Orly
73%
Sheremetyevo
62%
No matching quizzes found
Score Distribution
Percent of People with Each Score
Percentile by Number Answered
Your Score History
You have not taken this quiz